[Event "110th YMCA Golden Autumn"]
[Site "Warszawa"]
[Date "2012.10.12"]
[Round "4"]
[White "Szymczak, Rafal"]
[Black "Winiarski, Mikolaj"]
[Result "0-1"]
[WhiteElo "2063"]
[BlackElo "2089"]
[PlyCount "110"]
[EventDate "2012.09.21"]
[EventType "tourn"]
[EventRounds "1"]
[EventCountry "POL"]
[SourceDate "2012.09.19"]

1. f4 d5 2. Nf3 Nf6 3. g3 g6 4. Bg2 Bg7 5. O-O O-O 6. d3 Bf5 7. Ne5 c6 8. c3
Qc8 9. Qe1 Bh3 10. e4 Bxg2 11. Kxg2 Nbd7 12. Nxd7 Nxd7 13. e5 f6 14. d4 fxe5
15. dxe5 e6 16. h4 c5 17. Be3 Qc6 18. Kg1 Qb5 19. b3 Qd3 20. Bf2 h6 21. Qd2 Qf5
22. Na3 g5 23. hxg5 hxg5 24. Be3 Qg4 25. Qg2 Bxe5 26. Bxc5 Nxc5 27. fxe5 Ne4
28. c4 Nxg3 29. Nc2 Kg7 30. Rxf8 Rxf8 31. Re1 Rh8 32. cxd5 Rh1+ 33. Qxh1 Nxh1+
34. Kxh1 Qf3+ 35. Kg1 Qxd5 36. Re2 Kg6 37. Ne1 Qd4+ 38. Kf1 g4 39. Ng2 Kg5 40.
Re3 Qa1+ 41. Kf2 Qxa2+ 42. Kg3 Qb1 43. Ne1 b5 44. Ng2 a5 45. Rc3 Qe4 46. Re3
Qd4 47. Kf2 a4 48. bxa4 bxa4 49. Ne1 Qd2+ 50. Re2 Qf4+ 51. Kg1 a3 52. Ng2 Qf3
53. Re3 Qd1+ 54. Re1 Qd4+ 55. Kh2 a2 0-1

[Event "110th YMCA Golden Autumn"]
[Site "Warszawa"]
[Date "2012.10.10"]
[Round "4"]
[White "Sanz Losada, Victoriano"]
[Black "Kielar, Maciej"]
[Result "1-0"]
[WhiteElo "2130"]
[BlackElo "2087"]
[PlyCount "101"]
[EventDate "2012.09.21"]
[EventType "tourn"]
[EventRounds "1"]
[EventCountry "POL"]
[SourceDate "2012.09.19"]

1. e4 c5 2. Nf3 g6 3. d4 cxd4 4. Nxd4 Bg7 5. Nc3 Nc6 6. Be3 Nf6 7. Bc4 O-O 8.
Bb3 d6 9. f3 Bd7 10. Qd2 Qa5 11. O-O-O Rfc8 12. h4 Ne5 13. h5 Nxh5 14. g4 Nf6
15. g5 Nh5 16. f4 Nc4 17. Qd3 Nxe3 18. Qxe3 Rxc3 19. bxc3 Rc8 20. Kb2 Bb5 21.
Qh3 Rc5 22. f5 Bc4 23. Rdf1 Qc7 24. Qf3 Re5 25. Rxh5 gxh5 26. Rh1 d5 27. f6
dxe4 28. Qxh5 exf6 29. Qxh7+ Kf8 30. gxf6 Bxf6 31. Nf5 Rxf5 32. Qxf5 Bxc3+ 33.
Kb1 Bxb3 34. cxb3 e3 35. Qd3 Bd2 36. Rh8+ Ke7 37. Qe4+ Kf6 38. Qd4+ Kg5 39.
Qh4+ Kf5 40. Rh5+ Ke6 41. Qe4+ Kf6 42. Qd4+ Kg6 43. Qg4+ Kf6 44. Rf5+ Ke7 45.
Qg5+ Kf8 46. Qh6+ Ke8 47. Qh8+ Ke7 48. Rxf7+ Kxf7 49. Qh7+ Ke6 50. Qxc7 e2 51.
Qc4+ 1-0

[Event "110th YMCA Golden Autumn"]
[Site "Warszawa"]
[Date "2012.10.30"]
[Round "5"]
[White "Kielar, Maciej"]
[Black "Denderski, Piotr"]
[Result "1/2-1/2"]
[WhiteElo "2087"]
[BlackElo "2240"]
[Annotator "Admin"]
[PlyCount "152"]
[EventDate "2012.09.21"]
[EventType "tourn"]
[EventRounds "1"]
[EventCountry "POL"]
[SourceDate "2012.09.19"]

1. e4 c5 2. Nf3 Nc6 3. d4 cxd4 4. Nxd4 Nf6 5. Nc3 d6 6. Bg5 Bd7 7. Qd2 Rc8 8.
O-O-O Qa5 9. Nb3 Qc7 10. f4 h6 11. Bh4 a6 12. Be2 h5 13. Bf3 e6 14. Rhe1 Rd8
15. Qe2 Be7 16. e5 dxe5 17. fxe5 Nd5 18. Nxd5 exd5 19. Bxe7 Nxe7 20. Bxh5 Bf5
21. Nd4 Be4 22. e6 Qe5 23. exf7+ Kf8 24. Bf3 Rxh2 25. Bxe4 dxe4 26. Ne6+ Qxe6
27. Rxd8+ Kxf7 28. Qxe4 Qxe4 29. Rxe4 Nf5 30. g4 Ng3 31. Re3 Rg2 32. Rde8 Kf6
33. b3 Kg5 34. R8e7 Kf4 35. Rd3 g5 36. Rd4+ Kf3 37. Rf7+ Ke3 38. Rd6 Ne2+ 39.
Kb2 Nf4 40. Rxb7 Rxg4 41. Rxa6 Rg1 42. Rg7 g4 43. Rd6 g3 44. a4 g2 45. a5 Rh1
46. a6 g1=Q 47. Rxg1 Rxg1 48. b4 Ke4 49. b5 Rg5 50. c4 Rg2+ 51. Kc3 Ra2 52. Kb3
Ra1 53. Rd2 Nd3 54. Rh2 Kd4 55. Rh4+ Kc5 56. Rh5+ Kb6 $11 57. Kc3 Nc5 58. Rh6+
Ka7 59. Kd4 Nb3+ 60. Kd5 Rd1+ 61. Kc6 Na5+ 62. Kc5 Nb3+ 63. Kb4 Nd4 64. Rh7+
Ka8 65. b6 Rb1+ 66. Kc5 Ne6+ 67. Kc6 Nd4+ 68. Kd5 Rxb6 69. Kxd4 Rxa6 70. c5 Kb8
71. Kd5 Rg6 72. Rd7 Kc8 73. Rd6 Rg1 74. Kc6 Ra1 75. Rd4 Ra6+ 76. Kb5 Rg6
1/2-1/2

[Event "110th YMCA Golden Autumn"]
[Site "Warszawa"]
[Date "2012.10.19"]
[Round "5"]
[White "Winiarski, Mikolaj"]
[Black "Sanz Losada, Victoriano"]
[Result "1-0"]
[WhiteElo "2089"]
[BlackElo "2130"]
[PlyCount "75"]
[EventDate "2012.09.21"]
[EventType "tourn"]
[EventRounds "1"]
[EventCountry "POL"]
[SourceDate "2012.09.19"]

1. d4 Nf6 2. c4 g6 3. f3 Bg7 4. e4 d6 5. Nc3 O-O 6. Be3 e5 7. d5 c6 8. Qd2 a6
9. O-O-O cxd5 10. cxd5 b5 11. h4 Nbd7 12. h5 Nc5 13. Bxc5 dxc5 14. g4 b4 15.
Nb1 Bxg4 16. h6 Bh8 17. fxg4 Nxe4 18. Qe3 Nd6 19. Nd2 e4 20. Nc4 Re8 21. Nh3 a5
22. Qf4 Nxc4 23. Bxc4 Be5 24. Qe3 Qd6 25. Rhf1 f6 26. Nf4 Bd4 27. Rxd4 cxd4 28.
Qxd4 Rac8 29. b3 Re5 30. Kb1 Rc7 31. Ne6 Rf7 32. Rxf6 Rxf6 33. Qa7 Rf7 34. Qa8+
Rf8 35. Nxf8 Kf7 36. Ne6 e3 37. Qh8 Rxd5 38. Nc7 1-0

[Event "110th YMCA Golden Autumn"]
[Site "Warszawa"]
[Date "2012.10.19"]
[Round "5"]
[White "Kaczorowski, Piotr"]
[Black "Szymczak, Rafal"]
[Result "1/2-1/2"]
[WhiteElo "2054"]
[BlackElo "2063"]
[Annotator "Admin"]
[PlyCount "32"]
[EventDate "2012.09.21"]
[EventType "tourn"]
[EventRounds "1"]
[EventCountry "POL"]
[SourceDate "2012.09.19"]

1. d4 Nf6 2. Nf3 c5 3. c4 cxd4 4. Nxd4 Nc6 5. Nc3 g6 6. g3 d6 7. Bg2 Bd7 8. O-O
Bg7 9. b3 O-O 10. Bb2 Nxd4 11. Qxd4 Bc6 12. Qd2 Bxg2 13. Kxg2 Rc8 14. Rac1 Qa5
15. Rfd1 Rfe8 16. e3 h5 $11 1/2-1/2

[Event "110th YMCA Golden Autumn"]
[Site "Warszawa"]
[Date "2012.10.19"]
[Round "5"]
[White "Malec, Sebastian"]
[Black "Kubeczko, Grzegorz"]
[Result "1-0"]
[WhiteElo "2108"]
[BlackElo "2040"]
[PlyCount "59"]
[EventDate "2012.09.21"]
[EventType "tourn"]
[EventRounds "1"]
[EventCountry "POL"]
[SourceDate "2012.09.19"]

1. e4 c6 2. d4 d5 3. e5 Bf5 4. Nf3 e6 5. Be2 c5 6. O-O Nc6 7. dxc5 Bxc5 8. a3
Qc7 9. b4 Bb6 10. Bb2 a5 11. Nc3 Na7 12. Rc1 Ne7 13. Na4 axb4 14. axb4 Nac6 15.
c4 dxc4 16. Rxc4 Qd8 17. b5 Nb8 18. Nxb6 Qxb6 19. Bd4 Qd8 20. Bc5 Nd5 21. Nh4
Bg6 22. Bf3 Nd7 23. Nxg6 hxg6 24. Bxd5 Nxc5 25. Bf3 Qe7 26. Qc2 Rc8 27. b6 Rh4
28. Rxh4 Qxh4 29. Bxb7 Rb8 30. Qxc5 1-0

[Event "110th YMCA Golden Autumn"]
[Site "Warszawa"]
[Date "2012.10.17"]
[Round "5"]
[White "Adamski, Andrzej"]
[Black "Liberadzki, Slawomir"]
[Result "1-0"]
[WhiteElo "2265"]
[BlackElo "2093"]
[PlyCount "67"]
[EventDate "2012.09.21"]
[EventType "tourn"]
[EventRounds "1"]
[EventCountry "POL"]
[SourceDate "2012.09.19"]

1. e4 c5 2. Nc3 Nc6 3. g3 g6 4. Bg2 Bg7 5. f4 d6 6. d3 e6 7. Be3 Nge7 8. Nf3
Rb8 9. O-O O-O 10. g4 f5 11. gxf5 exf5 12. Qd2 b5 13. Rae1 b4 14. Na4 Bd7 15.
e5 Nxe5 16. fxe5 Bxa4 17. exd6 Nd5 18. Bxc5 Qa5 19. d4 Nf6 20. Ng5 Bh6 21. Re7
Qd8 22. h4 Bb5 23. Rfe1 Ne4 24. Qf4 Bxg5 25. hxg5 Bc6 26. Qh4 h5 27. gxh6 Rf7
28. Bxe4 Bxe4 29. Qg5 Kh8 30. R1xe4 fxe4 31. Qe5+ Kg8 32. h7+ Rxh7 33. Qe6+ Kh8
34. Qf6+ 1-0

[Event "110th YMCA Golden Autumn"]
[Site "Warszawa"]
[Date "2012.10.19"]
[Round "5"]
[White "Zaczek, Jonathon"]
[Black "Szewczyk, Mariusz"]
[Result "0-1"]
[WhiteElo "2118"]
[BlackElo "2030"]
[PlyCount "56"]
[EventDate "2012.09.21"]
[EventType "tourn"]
[EventRounds "1"]
[EventCountry "POL"]
[SourceDate "2012.09.19"]

1. e4 c6 2. d4 d5 3. exd5 cxd5 4. c4 Nf6 5. Nc3 e6 6. Nf3 Nc6 7. cxd5 Nxd5 8.
Bd3 Be7 9. O-O O-O 10. Re1 Bf6 11. Ne4 Bxd4 12. Nxd4 Nxd4 13. Bb1 Nf5 14. g4
Nfe7 15. a4 Bd7 16. Ra3 Ng6 17. Ng5 Bc6 18. Nxh7 Kxh7 19. g5 Rh8 20. Bxg6+ fxg6
21. Rxe6 Nf4 22. Qg4 Nh5 23. Rae3 Qd5 24. f3 Rhf8 25. Rxg6 Kxg6 26. Re6+ Kf7
27. g6+ Kg8 28. Rd6 Qxf3 0-1

[Event "110th YMCA Golden Autumn"]
[Site "Warszawa"]
[Date "2012.10.19"]
[Round "5"]
[White "Choroszej, Aleksander"]
[Black "Krasiewicz, Robert"]
[Result "1-0"]
[WhiteElo "2131"]
[BlackElo "2033"]
[PlyCount "71"]
[EventDate "2012.09.21"]
[EventType "tourn"]
[EventRounds "1"]
[EventCountry "POL"]
[SourceDate "2012.09.19"]

1. d4 f5 2. g4 fxg4 3. h3 d5 4. Qd3 Nf6 5. Nc3 Nc6 6. Bf4 a6 7. a3 g6 8. hxg4
Bxg4 9. f3 Be6 10. Nh3 Nh5 11. Bh2 Bh6 12. e3 Rf8 13. Qe2 Qd7 14. Nf2 O-O-O 15.
O-O-O Rf7 16. Na4 Kb8 17. Nc5 Qc8 18. Kb1 Rdf8 19. Bg2 Bf5 20. Ka1 Na5 21. b3
Ka7 22. e4 dxe4 23. fxe4 Bd7 24. Nfd3 Bg4 25. Qe1 Bxd1 26. Qxa5 Bf3 27. Bxf3
Rxf3 28. Bxc7 Rf1+ 29. Rxf1 Rxf1+ 30. Kb2 Be3 31. Qb6+ Ka8 32. Be5 Nf6 33. Nb4
h5 34. Nxb7 Qxb7 35. Qd8+ Ka7 36. Nc6+ 1-0

[Event "110th YMCA Golden Autumn"]
[Site "Warszawa"]
[Date "2012.10.26"]
[Round "6"]
[White "Denderski, Piotr"]
[Black "Krasiewicz, Robert"]
[Result "1-0"]
[WhiteElo "2240"]
[BlackElo "2033"]
[PlyCount "71"]
[EventDate "2012.09.21"]
[EventType "tourn"]
[EventRounds "1"]
[EventCountry "POL"]
[SourceDate "2012.09.19"]

1. d4 f5 2. g3 Nf6 3. Bg2 g6 4. Nf3 Bg7 5. O-O O-O 6. c4 d6 7. Nc3 Nc6 8. d5
Na5 9. Nd2 c5 10. Qc2 a6 11. b3 Rb8 12. Bb2 b5 13. Nd1 Bd7 14. Bc3 Qc7 15. f4
bxc4 16. bxc4 Rb7 17. Nf2 Rfb8 18. Rae1 Qb6 19. Nd3 Ne4 20. Bxg7 Nxd2 21. Qxd2
Kxg7 22. Qc3+ Kg8 23. h4 Rc7 24. Bf3 Nb7 25. Rb1 Qa7 26. Kg2 Nd8 27. h5 Nf7 28.
hxg6 hxg6 29. Rbe1 Rb6 30. Rh1 Qb8 31. e4 Qf8 32. e5 Qg7 33. Qa5 Rcb7 34. e6
Nd8 35. exd7 Qd4 36. Nf2 1-0

[Event "110th YMCA Golden Autumn"]
[Site "Warszawa"]
[Date "2012.10.26"]
[Round "6"]
[White "Szewczyk, Mariusz"]
[Black "Choroszej, Aleksander"]
[Result "1-0"]
[WhiteElo "2030"]
[BlackElo "2131"]
[PlyCount "75"]
[EventDate "2012.09.21"]
[EventType "tourn"]
[EventRounds "1"]
[EventCountry "POL"]
[SourceDate "2012.09.19"]

1. e4 g6 2. d4 Bg7 3. Bc4 d6 4. Nf3 e6 5. Bg5 Ne7 6. Qd2 h6 7. Be3 Nd7 8. O-O
a6 9. a4 b6 10. Nc3 Bb7 11. Rfe1 g5 12. Qe2 Ng6 13. Rad1 Qe7 14. Nd2 O-O 15.
Nf1 c5 16. Ng3 cxd4 17. Bxd4 Bxd4 18. Rxd4 Nde5 19. Red1 Nf4 20. Qd2 Qf6 21.
Be2 d5 22. exd5 Nxd5 23. Nce4 Qe7 24. Nh5 f5 25. Neg3 Nf6 26. f4 Nc6 27. Nxf6+
Qxf6 28. Rd7 Rad8 29. Nh5 Qxb2 30. fxg5 Bc8 31. Nf6+ Qxf6 32. gxf6 Rxd7 33.
Qxh6 Rdf7 34. Rd3 Rxf6 35. Rg3+ Kf7 36. Qg7+ Ke8 37. Qc7 Bd7 38. Bh5+ 1-0

[Event "110th YMCA Golden Autumn"]
[Site "Warszawa"]
[Date "2012.10.23"]
[Round "6"]
[White "Liberadzki, Slawomir"]
[Black "Zaczek, Jonathon"]
[Result "1-0"]
[WhiteElo "2093"]
[BlackElo "2118"]
[PlyCount "97"]
[EventDate "2012.09.21"]
[EventType "tourn"]
[EventRounds "1"]
[EventCountry "POL"]
[SourceDate "2012.09.19"]

1. e4 c5 2. c3 d5 3. exd5 Qxd5 4. d4 g6 5. Nf3 Bg7 6. dxc5 Qxc5 7. Be3 Qa5 8.
Nbd2 Nf6 9. Nb3 Qc7 10. g3 Nbd7 11. Bg2 O-O 12. O-O e6 13. Re1 Nd5 14. Bd4 b6
15. Bxg7 Kxg7 16. Qd4+ Kg8 17. c4 N5f6 18. Ne5 Bb7 19. Bxb7 Qxb7 20. Rad1 Rad8
21. Nxd7 Nxd7 22. Qe4 Qc7 23. Rd4 Nc5 24. Nxc5 bxc5 25. Rdd1 Qa5 26. Qb1 Qb4
27. b3 a5 28. Rxd8 Rxd8 29. Rd1 Rb8 30. Qc2 a4 31. bxa4 Ra8 32. Rb1 Qxa4 33.
Rb8+ Kg7 34. Qc3+ Kh6 35. Qe3+ Kg7 36. Qe5+ Kh6 37. Qf4+ Kg7 38. Qe5+ Kh6 39.
Rb7 Qxc4 40. Rxf7 Rg8 41. Qe3+ g5 42. h4 Kg6 43. Qf3 Qd4 44. h5+ Kh6 45. Rf6+
Kg7 46. h6+ Kh8 47. Rf8 Qa1+ 48. Kh2 Qd4 49. Qf7 1-0

[Event "110th YMCA Golden Autumn"]
[Site "Warszawa"]
[Date "2012.11.02"]
[Round "6"]
[White "Kubeczko, Grzegorz"]
[Black "Adamski, Andrzej"]
[Result "0-1"]
[WhiteElo "2040"]
[BlackElo "2265"]
[PlyCount "66"]
[EventDate "2012.09.21"]
[EventType "tourn"]
[EventRounds "1"]
[EventCountry "POL"]
[SourceDate "2012.09.19"]

1. c4 e5 2. g3 f5 3. d4 exd4 4. Qxd4 Nc6 5. Qe3+ Kf7 6. Nc3 Nf6 7. Bg2 Bb4 8.
Nh3 Re8 9. Qd3 Ne5 10. Qc2 Nxc4 11. O-O Bxc3 12. Qxc3 d5 13. Bg5 c6 14. Rad1 h6
15. Bc1 Nd6 16. Kh1 Bd7 17. Qb4 Qc7 18. Bf4 Re6 19. f3 c5 20. Qd2 Bb5 21. Rf2
d4 22. b4 b6 23. bxc5 bxc5 24. Rb1 Ba6 25. g4 Rae8 26. gxf5 Rxe2 27. Rxe2 Rxe2
28. Qd1 Qc6 29. Qb3+ c4 30. Qb8 Nxf5 31. Ng1 Rxa2 32. Bh3 Bc8 33. Be5 Nd7 0-1

[Event "110th YMCA Golden Autumn"]
[Site "Warszawa"]
[Date "2012.11.14"]
[Round "6"]
[White "Szymczak, Rafal"]
[Black "Malec, Sebastian"]
[Result "1/2-1/2"]
[WhiteElo "2063"]
[BlackElo "2108"]
[Annotator "Admin"]
[PlyCount "100"]
[EventDate "2012.09.21"]
[EventType "tourn"]
[EventRounds "1"]
[EventCountry "POL"]
[SourceDate "2012.09.19"]

1. f4 b6 2. e4 Bb7 3. Nc3 e6 4. Nf3 Bb4 5. Qe2 Nf6 6. e5 Bxc3 7. dxc3 Ne4 8. g3
Na6 9. Be3 Nac5 10. Bxc5 Nxc5 11. Bg2 d5 12. exd6 cxd6 13. O-O-O O-O 14. Rhe1
b5 15. Nd4 Bxg2 16. Qxg2 Qb6 17. Qc6 Rab8 18. Qxb6 Rxb6 19. Nb3 Nb7 20. Rd4 Rc8
21. a4 a6 22. axb5 axb5 23. Kd2 d5 24. Ra1 Nd6 25. Rb4 f6 26. Nc1 e5 27. fxe5
fxe5 28. Nd3 Nc4+ 29. Ke2 Rh6 30. Rh1 e4 31. Nf4 Rc5 32. h4 g5 33. Ng2 Ne5 34.
Rd1 Nf3 35. Ne3 gxh4 36. gxh4 Rh5 37. b3 Rxc3 38. Nxd5 Rxc2+ 39. Ke3 Rxh4 40.
Nf6+ Kg7 41. Nxe4 Rh3 42. Rd7+ Kg6 43. Rd6+ Kg7 44. Kf4 Ne1 45. Rxb5 Rf3+ 46.
Ke5 Rc7 47. b4 Re7+ 48. Re6 Rd7 49. Nc5 Nd3+ 50. Nxd3 Rfxd3 $11 1/2-1/2

[Event "110th YMCA Golden Autumn"]
[Site "Warszawa"]
[Date "2012.09.26"]
[Round "6"]
[White "Sanz Losada, Victoriano"]
[Black "Kaczorowski, Piotr"]
[Result "0-1"]
[WhiteElo "2130"]
[BlackElo "2054"]
[PlyCount "92"]
[EventDate "2012.09.21"]
[EventType "tourn"]
[EventRounds "1"]
[EventCountry "POL"]
[SourceDate "2012.09.19"]

1. e4 c5 2. Nf3 g6 3. d4 cxd4 4. Nxd4 Bg7 5. Nc3 Nc6 6. Be3 Nf6 7. Bc4 Qa5 8.
O-O O-O 9. Bb3 d6 10. h3 Bd7 11. Nf3 Rac8 12. Qe2 b5 13. a3 a6 14. Nd5 Nxd5 15.
exd5 Ne5 16. Nxe5 Bxe5 17. c3 Qc7 18. Rfd1 a5 19. f4 Bg7 20. Bd4 Rfe8 21. Bxg7
Kxg7 22. Rd4 Rb8 23. Re4 b4 24. axb4 axb4 25. c4 e6 26. dxe6 Rxe6 27. Rd1 Qc5+
28. Kh2 Rbe8 29. Rxe6 Rxe6 30. Qd2 Bc6 31. Re1 Rxe1 32. Qxe1 Qd4 33. Qg3 Qxb2
34. h4 Bxg2 35. Qxg2 Qxb3 36. Qd5 Qb2+ 37. Kg3 Qc3+ 38. Kf2 Qf6 39. Ke3 b3 40.
h5 b2 41. Qh1 Qc3+ 42. Kf2 Qd2+ 43. Kf3 Qd3+ 44. Kf2 b1=Q 45. h6+ Kf6 46. Qh4+
Ke6 0-1

[Event "110th YMCA Golden Autumn"]
[Site "Warszawa"]
[Date "2012.10.24"]
[Round "6"]
[White "Kielar, Maciej"]
[Black "Winiarski, Mikolaj"]
[Result "1/2-1/2"]
[WhiteElo "2087"]
[BlackElo "2089"]
[PlyCount "80"]
[EventDate "2012.09.21"]
[EventType "tourn"]
[EventRounds "1"]
[EventCountry "POL"]
[SourceDate "2012.09.19"]

1. e4 c5 2. Nf3 d6 3. d4 cxd4 4. Nxd4 Nf6 5. Nc3 a6 6. Bg5 e6 7. Bd3 Nbd7 8. f4
Be7 9. Qf3 Qc7 10. O-O-O b6 11. Rhe1 Bb7 12. Qh3 O-O-O 13. Kb1 h6 14. Bxf6 Bxf6
15. Bf1 Qc5 16. Nb3 Qf2 17. f5 exf5 18. exf5 Nc5 19. Re2 Qf4 20. g3 Qg5 21. Nd5
Bxd5 22. Rxd5 Kc7 23. Qg2 Rhe8 24. Qf3 Rxe2 25. Qxe2 h5 26. Nxc5 dxc5 27. Rxd8
Kxd8 28. Qxa6 Qxf5 29. Qxb6+ Ke7 30. Bb5 Qd5 31. Qc7+ Kf8 32. Qc8+ Bd8 33. a4
g6 34. a5 Kg7 35. a6 Bf6 36. Qd7 Qh1+ 37. Ka2 Qc1 38. c3 Bxc3 39. bxc3 Qc2+ 40.
Ka1 Qc1+ 1/2-1/2

[Event "110th YMCA Golden Autumn"]
[Site "Warszawa"]
[Date "2012.10.17"]
[Round "7"]
[White "Winiarski, Mikolaj"]
[Black "Denderski, Piotr"]
[Result "0-1"]
[WhiteElo "2089"]
[BlackElo "2240"]
[PlyCount "108"]
[EventDate "2012.09.21"]
[EventType "tourn"]
[EventRounds "1"]
[EventCountry "POL"]
[SourceDate "2012.09.19"]

1. d4 Nf6 2. Nf3 g6 3. g3 Bg7 4. Bg2 O-O 5. O-O c5 6. dxc5 Qa5 7. Be3 Ng4 8.
Bd4 e5 9. Bc3 Qxc5 10. h3 Nh6 11. Nbd2 Nc6 12. Ne4 Qe7 13. Qd5 Nf5 14. g4 Nfd4
15. Nxd4 exd4 16. Bd2 b6 17. Bf4 Qe6 18. Qd6 Bb7 19. Ng5 Qxd6 20. Bxd6 Rfe8 21.
Rfe1 Na5 22. Bxb7 Nxb7 23. Bb4 Rac8 24. Rac1 Bh6 25. Bd2 Rc5 26. Nf3 Bxd2 27.
Nxd2 Rec8 28. Nb3 Rxc2 29. Kf1 a5 30. Rxc2 Rxc2 31. Rb1 d3 32. exd3 a4 33. Nc1
Nc5 34. f3 Rh2 35. d4 Nd3 36. Kg1 Rd2 37. Nxd3 Rxd3 38. Rf1 Rxd4 39. Rf2 Kg7
40. Re2 Kf6 41. Kf2 b5 42. a3 Rd5 43. Kg3 Re5 44. Rd2 Ke6 45. Rd4 h5 46. Kh4
hxg4 47. hxg4 Re3 48. Kg3 d5 49. Kf2 Rb3 50. Rd2 d4 51. Re2+ Kd6 52. Rd2 Kd5
53. Rc2 d3 54. Rd2 Kd4 0-1

[Event "110th YMCA Golden Autumn"]
[Site "Warszawa"]
[Date "2012.10.31"]
[Round "7"]
[White "Kaczorowski, Piotr"]
[Black "Kielar, Maciej"]
[Result "0-1"]
[WhiteElo "2054"]
[BlackElo "2087"]
[PlyCount "60"]
[EventDate "2012.09.21"]
[EventType "tourn"]
[EventRounds "1"]
[EventCountry "POL"]
[SourceDate "2012.09.19"]

1. b3 e5 2. Bb2 Nc6 3. c4 g6 4. g3 Bg7 5. Bg2 f5 6. f4 d6 7. Bxc6+ bxc6 8. Nf3
Qe7 9. fxe5 dxe5 10. d4 exd4 11. Bxd4 Nf6 12. Nbd2 O-O 13. O-O c5 14. Bxf6 Bxf6
15. Rc1 Bb7 16. Qc2 Qe3+ 17. Rf2 Be4 18. Nxe4 fxe4 19. Qd2 Qxd2 20. Nxd2 e3 21.
Rxf6 Rxf6 22. Ne4 Rf5 23. Rd1 Re8 24. Nc3 Kf7 25. Nb5 Rf2 26. Nxc7 Re5 27. Re1
Rh5 28. h4 g5 29. Nd5 gxh4 30. Nf4 Rg5 0-1

[Event "110th YMCA Golden Autumn"]
[Site "Warszawa"]
[Date "2012.10.12"]
[Round "7"]
[White "Malec, Sebastian"]
[Black "Sanz Losada, Victoriano"]
[Result "1-0"]
[WhiteElo "2108"]
[BlackElo "2130"]
[PlyCount "143"]
[EventDate "2012.09.21"]
[EventType "tourn"]
[EventRounds "1"]
[EventCountry "POL"]
[SourceDate "2012.09.19"]

1. e4 e6 2. d4 d5 3. Nc3 Nf6 4. e5 Nfd7 5. Nf3 c5 6. dxc5 Nc6 7. Bf4 a6 8. Bd3
Nxc5 9. O-O Nxd3 10. Qxd3 Be7 11. Rad1 O-O 12. Qe3 Qe8 13. Ne2 f6 14. exf6 gxf6
15. Bh6 Rf7 16. Nf4 d4 17. Nxd4 Nxd4 18. Rxd4 e5 19. Nh5 exd4 20. Qg3+ Kh8 21.
Bg7+ Kg8 22. Re1 Bf5 23. Nxf6+ Bxf6 24. Bxf6+ Bg6 25. Rxe8+ Rxe8 26. Be5 Rd8
27. h4 Rf5 28. f4 Kf8 29. Qa3+ Ke8 30. g4 Rxe5 31. fxe5 Bxc2 32. Qf3 Bg6 33. h5
Bf7 34. Qf6 Rd5 35. e6 Bg8 36. Qh8 Rg5 37. Qxd4 Bxe6 38. Qh8+ Kf7 39. h6 Rxg4+
40. Kf2 Bf5 41. Qe5 Kg6 42. Qg7+ Kh5 43. Qxb7 Rg6 44. Qf7 Kg5 45. Qxh7 Rxh6 46.
Qe7+ Rf6 47. Ke3 Kg6 48. Qe8+ Kg7 49. Qe5 Kg6 50. Kd4 Bd7 51. Qc7 Bb5 52. b3
Bf1 53. a4 Rf5 54. b4 Kg5 55. Qg7+ Kf4 56. Qg1 Bh3 57. Qh2+ Kg4 58. Qe2+ Kg3
59. Qd3+ Rf3 60. Qg6+ Bg4 61. Qd6+ Kg2 62. Qc6 Kg3 63. Qd6+ Kg2 64. Kc5 Re3 65.
Qd4 Kf3 66. Qf6+ Ke2 67. Qxa6+ Kd2 68. Qh6 Kd3 69. Qg6+ Re4 70. a5 Bf3 71. b5
Ke3 72. Qxe4+ 1-0

[Event "110th YMCA Golden Autumn"]
[Site "Warszawa"]
[Date "2012.11.16"]
[Round "7"]
[White "Adamski, Andrzej"]
[Black "Szymczak, Rafal"]
[Result "1/2-1/2"]
[WhiteElo "2265"]
[BlackElo "2063"]
[PlyCount "137"]
[EventDate "2012.09.21"]
[EventType "tourn"]
[EventRounds "1"]
[EventCountry "POL"]
[SourceDate "2012.09.19"]

1. e4 d5 2. exd5 Qxd5 3. Nc3 Qd6 4. d4 Nf6 5. Bc4 a6 6. Nge2 b5 7. Bb3 e6 8.
Bf4 Qb6 9. O-O c5 10. dxc5 Bxc5 11. a4 Bb7 12. Qd3 Qc6 13. Qh3 Nbd7 14. Ng3 b4
15. Nce2 O-O 16. a5 Nd5 17. Bd2 N7f6 18. Nf4 Nxf4 19. Bxf4 Nd5 20. Bd2 Rfd8 21.
Rae1 Bd4 22. Bc1 Nf6 23. Ne2 Ba7 24. Bg5 e5 25. Ng3 Bd4 26. Nf5 Re8 27. Ba4
Qxa4 28. Bxf6 Re6 29. Qg3 g6 30. Qg5 Rxf6 31. Qxf6 gxf5 32. c3 bxc3 33. bxc3
Bxc3 34. Re3 Qd4 35. Rg3+ Kf8 36. Rg7 Qd5 37. Rc1 Bxa5 38. Qg5 Qxg2+ 39. Qxg2
Bxg2 40. Rxg2 Bd2 41. Rc5 Rb8 42. Kf1 Bf4 43. Ke2 Rb2+ 44. Kd3 Ra2 45. Kc3 Ra3+
46. Kc2 Rh3 47. Rc6 Rxh2 48. Rxh2 Bxh2 49. Kd1 Kg7 50. Rxa6 Bf4 51. Ke2 f6 52.
Ra1 h5 53. Rg1+ Kh6 54. Rh1 Bg5 55. f3 Bf4 56. Kf2 e4 57. Re1 h4 58. Kg2 e3 59.
Ra1 Bg3 60. Kf1 h3 61. Ke2 f4 62. Ra8 Kg7 63. Ra7+ Kg6 64. Ra8 Kh7 65. Ra7+ Kh6
66. Ra8 Bh4 67. Rh8+ Kg5 68. Rg8+ Kf5 69. Rh8 1/2-1/2

[Event "110th YMCA Golden Autumn"]
[Site "Warszawa"]
[Date "2012.11.15"]
[Round "7"]
[White "Zaczek, Jonathon"]
[Black "Kubeczko, Grzegorz"]
[Result "1/2-1/2"]
[WhiteElo "2118"]
[BlackElo "2040"]
[Annotator "Admin"]
[PlyCount "86"]
[EventDate "2012.09.21"]
[EventType "tourn"]
[EventRounds "1"]
[EventCountry "POL"]
[SourceDate "2012.09.19"]

1. e4 c6 2. d4 d5 3. exd5 cxd5 4. c4 Nf6 5. Nc3 Nc6 6. Bg5 dxc4 7. d5 Ne5 8.
Qd4 h6 9. Bh4 Ng6 10. Bg3 Bd7 11. Bxc4 e6 12. dxe6 Bxe6 13. Qe3 Qb6 14. Qxb6
axb6 15. Bxe6 fxe6 16. a3 Bb4 17. Rc1 Bxc3+ 18. Rxc3 Nd5 19. Rc1 Ngf4 20. Bxf4
Nxf4 21. Kf1 Ke7 22. g3 Nd3 23. Rc7+ Kd6 24. Rc2 Rhd8 25. Ke2 Ne5 26. f4 Nc6
27. Nf3 Ra5 28. Rd1+ Rd5 29. Rxd5+ exd5 30. Kd3 Rf8 31. h4 Re8 32. h5 Re4 33.
Nh4 Rd4+ 34. Ke3 Re4+ $11 35. Kd3 Rd4+ 36. Ke3 Re4+ 37. Kf2 Nd4 38. Rd2 Kc5 39.
Ng2 Nb3 40. Rd3 Nc1 41. Rd2 Nb3 42. Rd3 Nc1 43. Rd2 Nb3 1/2-1/2

[Event "110th YMCA Golden Autumn"]
[Site "Warszawa"]
[Date "2012.10.30"]
[Round "7"]
[White "Choroszej, Aleksander"]
[Black "Liberadzki, Slawomir"]
[Result "1/2-1/2"]
[WhiteElo "2131"]
[BlackElo "2093"]
[Annotator "Admin"]
[PlyCount "29"]
[EventDate "2012.09.21"]
[EventType "tourn"]
[EventRounds "1"]
[EventCountry "POL"]
[SourceDate "2012.09.19"]

1. d4 d5 2. c4 e6 3. Nc3 Nf6 4. Nf3 b6 5. cxd5 Nxd5 6. e4 Nxc3 7. bxc3 Bb7 8.
Bd3 Be7 9. O-O O-O 10. Qe2 c5 11. Rd1 cxd4 12. cxd4 Nc6 13. Bb2 Rc8 14. Rac1
Bf6 15. Bc4 $11 1/2-1/2

[Event "110th YMCA Golden Autumn"]
[Site "Warszawa"]
[Date "2012.11.02"]
[Round "7"]
[White "Krasiewicz, Robert"]
[Black "Szewczyk, Mariusz"]
[Result "1/2-1/2"]
[WhiteElo "2033"]
[BlackElo "2030"]
[Annotator "Admin"]
[PlyCount "120"]
[EventDate "2012.09.21"]
[EventType "tourn"]
[EventRounds "1"]
[EventCountry "POL"]
[SourceDate "2012.09.19"]

1. d4 Nf6 2. c4 e6 3. Nf3 b6 4. g3 Bb7 5. Bg2 Bb4+ 6. Bd2 a5 7. O-O O-O 8. Nc3
d5 9. Ne5 Nbd7 10. Bg5 Be7 11. cxd5 Nxd5 12. Bxe7 Qxe7 13. Nxd5 exd5 14. Nxd7
Qxd7 15. Rc1 a4 16. Rc3 Rfc8 17. Qc2 Ra5 18. Rc1 c5 19. b4 axb3 20. axb3 Qb5
21. Qf5 g6 22. Qg5 Qxe2 23. Bxd5 Ra2 24. Rf3 Bxd5 25. Qxd5 Ra7 26. Kg2 Qe7 27.
Re3 Rd7 28. Qf3 Qd6 29. dxc5 bxc5 30. Rc4 f5 31. Rec3 Rcc7 32. h4 Rf7 33. Rd3
Qe7 34. Rd5 Rf6 35. h5 Ra6 36. Qc3 Rac6 37. h6 g5 38. Rxf5 Rxh6 39. Rcxc5 Rxc5
40. Qxc5 Qxc5 41. Rxc5 Rb6 42. Rxg5+ Kh8 43. f4 Rxb3 44. Kh3 h6 45. Rg6 Kh7 46.
f5 Rb1 47. Kg4 Rf1 48. Ra6 Kg7 49. Ra7+ Kf6 50. Rh7 Rh1 51. Rh8 Rh2 52. Rf8+
Kg7 53. Ra8 Rh1 54. Ra2 Kf6 55. Rf2 h5+ 56. Kf4 Ra1 57. Re2 Rf1+ 58. Ke4 Rxf5
59. Rd2 Kg5 60. Rd8 Ra5 $11 1/2-1/2